000 00296nam a22001337a 4500
008 170615b xxu||||| |||| 00| 0 eng d
020 _a9780495096320
041 _aeng
080 _a32
100 _a19
101 _aSHP
245 _aTHE ROAD TO THE WHITE HOUSE
_cWAYNE, S.J
942 _2udc
_cBK
999 _c17558
_d17558